000
00269nam a22001217a 4500
008
170227b xxu||||| |||| 00| 0 eng d
041
_a
eng
080
_2
1ST
_a
615
100
_a
5
101
_a
SHF
245
_a
ARTHITRITIS PRESCRIBING GUIDE
_c
BELLO, A
942
_2
udc
_c
BK
999
_c
6276
_d
6276